000 00211nam a2200085Ia 4500
008 120527s9999 xx 000 0 und d
100 _aLippa, A. Richard
245 _aIntroductiion to social psycology
942 _cBK
999 _c27467
_d27467